000 00487nam a2200181Ia 4500
999 _c2889
_d2889
003 OSt
005 20200817131340.0
008 190216s9999||||xx |||||||||||||| ||und||
020 _a9780632052936
040 _coclc
082 _a546
_bLEE/C
100 _aLee, J D
_94161
245 0 _aConcise Inorganic Chemistry /
_cJ D Lee
250 _a5th Ed.
260 _bBlackwell Science,
_c1996.
_aLondon:
300 _a1032p
942 _cBK
_2ddc
_h546
_iLEE/C
_k546
_mLEE/C